000 00737nam a2200217 a 4500
001 000023711
003 OSt
005 20201126095207.0
008 101220s1998 mx a r 000 | spa d
020 _a9684442742
040 _aDO-SdBNP
_bspa
_cBNPHU
049 _aBNGR
082 4 _axxx
_bL789r
100 _aLizarazo Arias, Diego
_948830
245 1 3 _aLa reconstrucción del significado :
_bensayos sobre la recepción social de los massmedia /
_cDiego Lizarazo Arias; edición de Miguel Ángel Calderón Reyes.
260 _aMéxico D. F. :
_bAddison Wesley Longman,
_c1998.
300 _a233 p. ;
_c22 cm.
500 _aIncluye notas al pie de páginas
700 1 _aCalderón Reyes, Miguel Ángel
_eed.
_916051
942 _2ddc
_cLBS1
999 _c23207
_d23207